The pelican brief

Tallennettuna:
Bibliografiset tiedot
Päätekijä: Grisham, John (Tekijä)
Aineistotyyppi: Kirja
Kieli:englanti
Julkaistu: Nueva York Island Books 1992
Painos:1a. ed
Aiheet:
Tagit: Lisää tagi
Ei tageja, Lisää ensimmäinen tagi!

MARC

LEADER 00000cam a2200000 a 4500
001 UCF6177
003 CL-VaPUC
008 130418e19920000US |||||||||||||||||eng|d
020 |a 0440214041 
082 0 4 |a 813  |b GRI  |2 21 
100 |a Grisham, John  |e author  |9 600669 
245 1 4 |a The pelican brief 
250 |a 1a. ed 
300 |a 436 p 
942 |c BK 
945 |d 20130418 00:00:00  |a cmena 
260 |a Nueva York  |b Island Books  |c 1992 
650 0 |a Novelas estadounidenses  |9 265217 
650 0 |a Literatura estadounidense  |9 317168 
650 0 |a Asesinatos   |9 401043 
583 |a last modification  |c 20130418 10:21:00  |k Rodrigo Vera 
999 |c 351490  |d 351488 
952 |0 0  |1 0  |4 0  |6 813_000000000000000_GRI_1992  |7 0  |8 A  |9 455627  |a BIBEDU  |b BIBEDU  |d 2019-11-22  |i 4947355  |o 813 GRI 1992  |p 4947355  |r 2019-11-22  |w 2019-11-22  |y BK  |k LIT